Strzelcy bramek w 5 kolejce Ekstraklasy 2021/22 - Statystyki

Ogólne statystyki
  • Ten quiz został rozwiązany 23 razy
  • Średni wynik to 9 z 21
Statystyki odpowiedzi
Mecz Piłkarz % Poprawnych
Wisła Płock - Zagłębie Lubin 2:0 Wolski
77%
Wisła Płock - Zagłębie Lubin 1:0 Sekulski
68%
Wisła Płock - Zagłębie Lubin 3:0 Sekulski
68%
Pogoń Szczecin - Stal Mielec 1:1 Drygas
64%
Pogoń Szczecin - Stal Mielec 3:1 Drygas
64%
Lech Poznań - Lechia Gdańsk 1:0 Ishak
64%
Górnik Łęczna - Wisła Kraków 0:2 Yeboah
64%
Cracovia - Jagiellonia Białystok 2:1 Imaz
50%
Cracovia - Jagiellonia Białystok 2:0 Hanca
41%
Radomiak Radom - Warta Poznań 1:0 Rondon
41%
Pogoń Szczecin - Stal Mielec 2:1 (Bramka Samobójcza) Getinger
36%
Lech Poznań - Lechia Gdańsk 1:0 Kvekveskiri
36%
Pogoń Szczecin - Stal Mielec 0:1 Tomasiewicz
36%
Cracovia - Jagiellonia Białystok 1:0 van Amersfoort
36%
Górnik Łęczna - Wisła Kraków 1:3 (Bramka Samobójcza) Frydrych
32%
Piast Gliwice - Śląsk Wrocław 1:1 Piasecki
32%
Piast Gliwice - Śląsk Wrocław 1:0 Vida
32%
Górnik Łęczna - Wisła Kraków 0:1 Skvarka
27%
Wisła Płock - Zagłębie Lubin 4:0 (Bramka Samobójcza) Soler
23%
Górnik Łęczna - Wisła Kraków 0:3 Brown Forbes
18%
Pogoń Szczecin - Stal Mielec 4:1 Triantafyllopoulos
14%
Nie znaleziono quizów pasujących do podanych kryteriów
Rozkład punktacji
Procent ludzi z każdym wynikiem
Percentyl według liczby udzielonych odpowiedzi
Twoja historia wyników
Nie rozwiązałeś tego quizu